000 00448nam a22001697a 4500
003 OSt
008 250221b |||||||| |||| 00| 0 eng d
041 _aeng
100 _aLiljedahl, John B
_95153
245 _aTractors and their Power Units
250 _a4th
260 _aNew Delhi:
_bCBS Publishers & Distributors,
_c1997.
700 _aTurnquist, Paul K
_95156
700 _aSmith David, W
_95155
700 m _aMakoto Hoki
_97216
942 _cBK
999 _c19431
_d19431